|
|
|
|
| LEADER |
00000nas a2200000 a 4500 |
| 001 |
vtls001225241 |
| 003 |
SK-MaSNL |
| 005 |
20260221120804.0 |
| 008 |
180126c 9999yu ar 0 0c0scc |
| 022 |
|
|
|a 0351-3580
|
| 035 |
|
|
|a SNK000172156
|
| 040 |
|
|
|a SNK
|b slo
|c SNK
|e AACR2
|
| 041 |
0 |
|
|a scc
|
| 044 |
|
|
|a yu
|c YU
|
| 245 |
1 |
|
|a Godišnjak Biblioteke Matice srpske za ...
|
| 260 |
|
|
|a Novi Sad
|b Biblioteka Matice srpske
|
| 300 |
|
|
|a zv.
|b obr.
|c 22 cm
|
| 310 |
|
|
|a 1x ročne
|
| 500 |
|
|
|a Popis podľa: Rok 2001
|
| 500 |
|
|
|a Súčasťou názvu je označenie bežného roku
|
| 500 |
|
|
|a Do roku 2000 spracované ako monografia
|
| 910 |
|
|
|a snk
|
| 999 |
|
|
|c 6513
|d 8443
|
| 952 |
|
|
|0 0
|1 1
|4 0
|7 0
|8 2
|a SNK
|b SNK
|d 1999-06-15
|i snkV 672/99
|l 0
|o snkČC 3336/1997
|p 17A0192193
|r 2005-01-01 00:00:00
|w 2026-02-21
|y PREZ
|
| 952 |
|
|
|0 0
|1 1
|4 0
|7 0
|8 2
|a SNK
|b SNK
|d 2007-06-04
|g 5.31
|i snk2007/14497
|l 0
|o snkČC 3336/2002
|p 17A0548606
|r 2026-02-21 20:14:45
|w 2026-02-21
|y PREZ
|
| 952 |
|
|
|0 0
|1 1
|4 0
|7 0
|8 2
|a SNK
|b SNK
|d 2007-09-20
|g 1.16
|i snk2007/20901
|l 0
|o snkČC 3336/2006
|p 17A0556703
|r 2026-02-21 20:14:51
|w 2026-02-21
|y PREZ
|
| 952 |
|
|
|0 0
|1 1
|4 0
|7 0
|8 2
|a SNK
|b SNK
|d 2007-06-04
|g 4.98
|i snk2007/14496
|l 0
|o snkČC 3336/2001
|p 17A0548605
|r 2026-02-21 20:20:49
|w 2026-02-21
|y PREZ
|
| 952 |
|
|
|0 0
|1 1
|4 0
|7 0
|8 2
|a SNK
|b SNK
|d 2007-06-04
|g 6.64
|i snk2007/14500
|l 0
|o snkČC 3336/2003
|p 17A0548607
|r 2026-02-21 20:20:49
|w 2026-02-21
|y PREZ
|
| 952 |
|
|
|0 0
|1 1
|4 0
|7 0
|8 2
|a SNK
|b SNK
|d 2007-06-04
|g 6.64
|i snk2007/14502
|l 0
|o snkČC 3336/2004
|p 17A0548608
|r 2026-02-21 20:20:49
|w 2026-02-21
|y PREZ
|
| 952 |
|
|
|0 0
|1 1
|4 0
|7 0
|8 2
|a SNK
|b SNK
|d 2007-06-04
|g 5.97
|i snk2007/14503
|l 0
|o snkČC 3336/2005
|p 17A0548609
|r 2026-02-21 20:20:49
|w 2026-02-21
|y PREZ
|
| 952 |
|
|
|0 0
|1 1
|4 0
|7 0
|8 2
|a SNK
|b SNK
|d 1997-01-17
|i snkV 207/97
|l 0
|o snkČC 3336/1995
|p 17A0027712
|r 2005-01-01 00:00:00
|w 2026-02-21
|y VYP
|
| 952 |
|
|
|0 0
|1 1
|4 0
|7 0
|8 2
|a SNK
|b SNK
|d 1999-06-15
|i snkV 2829/97
|l 0
|o snkČC 3336/1996
|p 17A0108503
|r 2005-01-01 00:00:00
|w 2026-02-21
|y PREZ
|
| 952 |
|
|
|0 0
|1 1
|4 0
|7 0
|8 2
|a SNK
|b SNK
|d 2000-01-31
|i snkV 111/2000
|l 0
|o snkČC 3336/1998
|p 17A0224883
|r 2005-01-01 00:00:00
|w 2026-02-21
|y PREZ
|
| 952 |
|
|
|0 0
|1 1
|4 0
|7 0
|8 2
|a SNK
|b SNK
|d 2001-05-30
|i snkV 724/2001
|l 0
|o snkČC 3336/1999
|p 17A0300432
|r 2005-01-01 00:00:00
|w 2026-02-21
|y PREZ
|
| 952 |
|
|
|0 0
|1 1
|4 0
|7 0
|8 2
|a SNK
|b SNK
|d 2002-07-11
|i snkV 753/2002
|l 0
|o snkČC 3336/2000
|p 17A0343372
|r 2005-01-01 00:00:00
|w 2026-02-21
|y PREZ
|
| 952 |
|
|
|0 0
|1 1
|4 0
|7 0
|a SNK
|b SNK
|d 2003-03-13
|l 0
|o snkČC 3336/1990
|p 17A0329815
|r 2005-01-01 00:00:00
|w 2026-02-21
|y PREZ
|
| 952 |
|
|
|0 0
|1 1
|4 0
|7 0
|8 2
|a SNK
|b SNK
|d 2003-03-13
|l 0
|o snkČC 3336/1991
|p 17A0329301
|r 2005-01-01 00:00:00
|w 2026-02-21
|y PREZ
|